Carregant...

Buddhapadam/

Dades bibliogràfiques
Autor principal: Ajayan,Valakkai
Format: Printed Book
Idioma:Malayalam
Publicat: Kannur: Kairali Books, 2012.
LEADER 00488nam a22001457a 4500
008 181119b ||||| |||| 00| 0 mal d
999 |c 299687  |d 299687 
020 |a 9381649343 
082 |a 808.068 2 
100 |a Ajayan,Valakkai 
245 |a Buddhapadam/  |c Ajayan,Valakkai 
260 |a Kannur:  |b Kairali Books,  |c 2012. 
300 |a 95p. 
942 |c BK 
952 |0 0  |1 0  |2 ddc  |4 0  |6 808_068000000000000_2_AJA_B  |7 0  |9 341751  |a MAL  |b MAL  |c ST1  |d 2018-11-19  |g 80.00  |l 0  |o 808.068 2 AJA/B  |p MALG829  |r 2018-11-19  |w 2018-11-19  |y BK